| 000 | 00844nam a22002057a 4500 | ||
|---|---|---|---|
| 999 |
_c15906 _d15906 |
||
| 003 | AR-CdUCM | ||
| 008 | 190430b ||||| |||| 00| 0 spa d | ||
| 040 |
_aMUNICIPALIDAD PROVINCIAL DEL CUSCO _cBIBLIOTECA MUNICIPAL DEL CUSCO |
||
| 082 |
_a861.1 / _bA45 |
||
| 100 |
_aAlonso, Dámaso _935126 |
||
| 245 |
_aDe los siglos oscuros al de oro : _bNotas y artículos a través de 700 años de letras españolas / |
||
| 260 |
_aMadrid : _bGredos, _c1964. |
||
| 300 |
_a293 paginas ; _c20 cm. |
||
| 505 | _aContenido :Aspectos de nuestra literatura entre los siglos X y XVI. Diversos por su enfoque y su intención, se encuentra aquí todo lo que la curiosidad intelectual pueda apetecer / | ||
| 650 |
_aLiteratura española _9362 |
||
| 650 |
_aSIGLOS X-XVI _935127 |
||
| 650 |
_aLuegua _935128 |
||
| 942 |
_2ddc _cLIBROS |
||
| 945 |
_arjall _d2019-04-30 |
||